Compras gubernamentales/
Shranjeno v:
| Glavni avtor: | |
|---|---|
| Autores Corporativos: | , |
| Format: | Texto |
| Jezik: | Spanish |
| Izdano: |
San Salvador:
Maya
|
| Serija: | Documentos de Trabajo / Friedrich Ebert Stiftung
|
| Teme: | |
| Oznake: |
Označite
Brez oznak, prvi označite!
|
MARC
| LEADER | 00000 a a2200000 04500 | ||
|---|---|---|---|
| 001 | 30627 | ||
| 003 | cru CIDCACS/IIS | ||
| 005 | 20170908144901.0 | ||
| 008 | 170907b xxu||||| |||| 00| 0 spa d | ||
| 999 | |c 5792 |d 5792 | ||
| 020 | |a 99923-75-17-5 | ||
| 040 | |c cru CIDCACS/IIS | ||
| 090 | |a 09.05.04 M843p | ||
| 100 | 1 | |a Drake, Elizabeth |9 5559 | |
| 110 | |a Bloque Popular Centroamericano | ||
| 245 | |a Compras gubernamentales/ |c Elizabeth Drake | ||
| 260 | |a San Salvador: |b Maya | ||
| 300 | |a páginas 15-16 | ||
| 440 | 0 | |9 2525 |a Documentos de Trabajo / Friedrich Ebert Stiftung | |
| 650 | |a TLC | ||
| 650 | 1 | 0 | |a TLC |2 |9 305 |
| 650 | 1 | 0 | |a COMPRAS DEL GOBIERNO |9 5560 |
| 650 | |a CONSECUENCIAS SOCIALES | ||
| 650 | 1 | 0 | |a CONTRATOS PUBLICOS |9 3057 |
| 650 | |a EMPRESAS TRANSNACIONALES | ||
| 650 | 0 | |a CAPITALISMO TRANSNACIONAL |9 5202 | |
| 650 | |a CONCENTRACION DE CAPITAL | ||
| 650 | 1 | 0 | |a CONSECUENCIAS SOCIALES |9 2111 |
| 710 | |a Alliance for Responsible Trade |a Alianza Social Continental | ||
| 773 | 0 | |0 421 |9 1264 |a Moreno, Raúl |d San Salvador: Maya |o 18308 |t ¿ Por qué decimos no al TLC ?: |w (cru CIDCACS/IIS)30624 |z 99923-75-17-5 | |
| 942 | |2 ddc |c LI | ||



